000 00817cab a2200169 4500
001 L130658
008 050823n2005 000 0 eng u
035 _a(Sirsi) u130658
041 _aeng
245 _aProperty investment wave flows from pensions crisis
260 _c2005
490 _aEuroProperty
_vAugust 2005, 12-13(2)
520 _aDiscusses CBRE's report "The pensions crisis and the European property market which states that 24b Euros could flow into the property sector each year due to the crisis in European pensions. Examines existing pension fund allocations to property by country, the EU-15 old age dependency ratio and the change in contribution rate required to maintain levels of pension commitments. Tables.
590 _aIKA300805
690 _aPROPERTY-INVESTMENT PROPERTY
942 _n0
999 _c75761
_d75761